00429nam a2200169Ia 450000500170000000800410001704000190005804100120007708200160008910000220010524500460012726000280017330000100020165000240021165100140023585000100024920240304110231.0131103s9999 xx 000 0 und d aLoreto College aEnglish a371.2 bVER aVerghese, T. Paul aSchool Organisation, cT. Paul Verghese aMadrasbMacmillanc1959 a121p  aSchool Organisation aEducation aLCLIB